000
00233 a2200097 4500
001
42278
100
_a
Nicholson B E
245
_a
The Oxford Book of Garden Flowers
260
_a
_b
Oxford University Press
_c
090
_c
26247
_d
26247
942
_a
NUST-CAE
_c
M
_c
18055
999
_c
277351
_d
277351